[Event "Polanica Zdroj op-B 42nd"]
[Site "Polanica Zdroj"]
[Date "2006.08.25"]
[Round "7"]
[White "Pyrzynski, Michal"]
[Black "Turlej, Lukasz"]
[Result "0-1"]
[WhiteElo "1980"]
[BlackElo "2146"]
[PlyCount "126"]
[EventDate "2006.08.20"]
[EventType "swiss"]
[EventRounds "7"]
[EventCountry "POL"]
[SourceTitle "CBM 113 Extra"]
[Source "ChessBase"]
[SourceDate "2006.09.14"]
[SourceVersion "1"]
[SourceVersionDate "2006.09.14"]
[SourceQuality "1"]

1. Nf3 f5 2. d4 Nf6 3. c3 g6 4. g3 Bg7 5. Bg2 0-0 6. 0-0 Qe8 7. Qb3+ e6 8. Ne5 Nc6 9. Nxc6 bxc6 10. Na3 Kh8 11. Nc4 Ba6 12. Ne5 Bxe2 13. Re1 Ba6 14. c4 Ng4 15. Bf4 Nxe5 16. Bxe5 Bxe5 17. Rxe5 f4 18. d5 Qf7 19. dxe6 dxe6 20. Ra5 f3 21. Rxa6 fxg2 22. Qe3 Kg7 23. Rxc6 Rae8 24. Qxa7 Re7 25. Qe3 Qf6 26. Re1 Qxb2 27. Qe5+ Qxe5 28. Rxe5 Kf6 29. Re2 Rd8 30. Kxg2 Rd6 31. Rc5 Ra6 32. g4 h6 33. f3 e5 34. h4 c6 35. a4 Rxa4 36. Rxc6+ Re6 37. Rc7 Rea6 38. Kg3 Ra3 39. Rc8 Rc3 40. g5+ hxg5 41. hxg5+ Kxg5 42. Rxe5+ Kf6 43. Re4 Kg5 44. Rf8 Rc6 45. Rff4 Rc8 46. Rg4+ Kf5 47. Ref4+ Ke5 48. Rg5+ Ke6 49. Rxg6+ Ke5 50. Rgg4 Rc2 51. Re4+ Kf5 52. Rd4 Ke5 53. Rge4+ Kf5 54. Rh4 Rg8+ 55. Rdg4 Rc8 56. Rd4 Ke5 57. Rhe4+ Kf5 58. Rd5+ Kf6 59. Rd6+ Kf7 60. Rdd4 Kf6 61. Kf4 Rc7 62. Rd6+ Kf7 63. Rdd4 Kf6 0-1

[Event "POL-ch U16"]
[Site "Leba"]
[Date "2006.03.29"]
[Round "7"]
[White "Pyrzynski, Michal"]
[Black "Markowski, Piotr"]
[Result "0-1"]
[WhiteElo "2015"]
[BlackElo "1887"]
[PlyCount "102"]
[EventDate "2006.03.25"]
[EventType "swiss"]
[EventRounds "11"]
[EventCountry "POL"]
[SourceTitle "CBM 111 Extra"]
[Source "ChessBase"]
[SourceDate "2006.05.09"]
[SourceVersion "1"]
[SourceVersionDate "2006.05.09"]
[SourceQuality "1"]

1. Nf3 Nf6 2. g3 g6 3. Bg2 Bg7 4. 0-0 0-0 5. d3 d5 6. Nbd2 c5 7. c3 Nc6 8. e4 dxe4 9. dxe4 Qc7 10. Qc2 e5 11. a4 Be6 12. Ng5 Bd7 13. Nc4 h6 14. Nh3 Be6 15. Ne3 Qc8 16. g4 Nxg4 17. Nxg4 Bxg4 18. Qd3 Kh7 19. Kh1 f5 20. exf5 Qxf5 21. Qxf5 gxf5 22. Ng1 f4 23. h3 Bf5 24. a5 Rf6 25. a6 b6 26. Rd1 Rd8 27. Rxd8 Nxd8 28. b4 cxb4 29. cxb4 Rd6 30. Ra2 Rd1 31. Bd2 Ne6 32. Bf3 Rb1 33. Bd5 Ng5 34. Kh2 Be4 35. Bb7 Bf5 36. Bc6 Bf8 37. b5 Bd6 38. h4 Ne6 39. Ra4 Nc5 40. Rc4 e4 41. Rd4 Bc7 42. f3 e3 43. Bc3 Rc1 44. Bb4 Rc2+ 45. Kh1 Nd3 46. Bd7 Nf2+ 47. Kg2 Ne4+ 48. Kf1 Ng3+ 49. Ke1 Rc1+ 50. Rd1 Rxd1+ 51. Kxd1 Bxd7 0-1

[Event "Polanica Zdroj op-B 41st"]
[Site "Polanica Zdroj"]
[Date "2005.08.28"]
[Round "10"]
[White "Warakomska, Anna"]
[Black "Pyrzynski, Michal"]
[Result "1/2-1/2"]
[WhiteElo "1923"]
[BlackElo "2007"]
[PlyCount "73"]
[EventDate "2005.08.19"]
[EventType "swiss"]
[EventRounds "10"]
[EventCountry "POL"]
[SourceTitle "CBM 108 Extra"]
[Source "ChessBase"]
[SourceDate "2005.11.04"]
[SourceVersion "1"]
[SourceVersionDate "2005.11.04"]
[SourceQuality "1"]

1. e4 e6 2. d4 d5 3. Nd2 dxe4 4. Nxe4 Nd7 5. Bd3 Ngf6 6. Qe2 Nxe4 7. Bxe4 Be7 8. Nf3 Rb8 9. 0-0 Nf6 10. Bd3 0-0 11. c3 b6 12. Ng5 Bb7 13. Ne4 Re8 14. Bf4 Rc8 15. Nxf6+ Bxf6 16. Be4 Bxe4 17. Qxe4 c5 18. dxc5 Rxc5 19. Rad1 Rd5 20. Qa4 Re7 21. Rxd5 exd5 22. Be3 Re4 23. Qxa7 d4 24. cxd4 Bxd4 25. Bxd4 Rxd4 26. Qa3 h6 27. Re1 Rd2 28. Qc3 Kh7 29. h3 Qd6 30. a4 Qf4 31. Rf1 f5 32. b4 Ra2 33. a5 bxa5 34. bxa5 Qa4 35. Re1 Qxa5 36. Qxa5 Rxa5 37. g3 1/2-1/2

[Event "Polanica Zdroj op-B 41st"]
[Site "Polanica Zdroj"]
[Date "2005.08.27"]
[Round "9"]
[White "Pyrzynski, Michal"]
[Black "Panbukczijan, Aris"]
[Result "0-1"]
[WhiteElo "2007"]
[BlackElo "2092"]
[PlyCount "120"]
[EventDate "2005.08.19"]
[EventType "swiss"]
[EventRounds "10"]
[EventCountry "POL"]
[SourceTitle "CBM 108 Extra"]
[Source "ChessBase"]
[SourceDate "2005.11.04"]
[SourceVersion "1"]
[SourceVersionDate "2005.11.04"]
[SourceQuality "1"]

1. d4 Nf6 2. Nf3 g6 3. Bg5 Bg7 4. e3 c5 5. Nbd2 Nc6 6. c3 0-0 7. Bd3 d6 8. 0-0 Qb6 9. Qc2 e5 10. dxe5 dxe5 11. e4 h6 12. Be3 Ng4 13. Nc4 Nxe3 14. Nxe3 Be6 15. Bc4 Ne7 16. Qb3 Qxb3 17. Bxb3 Bxb3 18. axb3 Rfd8 19. Rfd1 a6 20. Kf1 f5 21. Nd2 Kf7 22. Ke2 Ke6 23. f3 h5 24. Ndc4 Bh6 25. Nd5 Nxd5 26. exd5+ Kf6 27. Nb6 Ra7 28. d6 Bf8 29. Rd5 Ke6 30. Rad1 a5 31. Nc4 b5 32. Nxe5 Rxd6 33. Nxg6 Rxd5 34. Nf4+ Ke5 35. Nxd5 f4 36. Nb6 Ke6 37. Nd5 Bd6 38. Rd2 Rg7 39. Kf2 Be5 40. c4 Rb7 41. Ke2 bxc4 42. bxc4 Rb3 43. Kd1 a4 44. Kc1 Rb7 45. Re2 Kf5 46. Rd2 Rb3 47. Ne7+ Kf6 48. Nd5+ Kg5 49. Re2 Bd4 50. Rc2 Bg1 51. h3 Bd4 52. Kb1 a3 53. Re2 axb2 54. h4+ Kxh4 55. Nxf4 Rb4 56. Rc2 Ra4 57. Rxb2 Bxb2 58. Kxb2 Rxc4 59. Ne2 Kg5 60. Kb3 Rh4 0-1